Catálogo público

Ensayos uniformes de frijol (Phaseolus vulgaris L.) bajo condiciones de riego y temporal en la zona norte de Guanajuato / (Record no. 199726)

MARC details
000 -CABECERA
campo de control de longitud fija 00905nam a2200277Ia 4500
001 - NÚMERO DE CONTROL
campo de control Para_935
003 - IDENTIFICADOR DEL NÚMERO DE CONTROL
campo de control CHAP
008 - DATOS DE LONGITUD FIJA--INFORMACIÓN GENERAL
campo de control de longitud fija 220125s1993 xx 000 0 und d
010 ## - NÚMERO DE CONTROL DE LA BIBLIOTECA DEL CONGRESO
Número de control de LC 199726
040 ## - FUENTE DE LA CATALOGACIÓN
Centro/agencia transcriptor CHAP
090 ## - LOCALMENTE ASIGNADO TIPO-LC NÚMERO DE CLASIFICACIÓN (OCLC); NÚMERO DE CLASIFICACIÓN LOCAL (RLIN)
Número de clasificación (OCLC) (R) ; Numero de clasificación, CALL (RLIN) (NR) PA TESIS 900
100 ## - ENTRADA PRINCIPAL--NOMBRE DE PERSONA
Nombre de persona Ríos Cuevas, Beatriz Yolanda
9 (RLIN) 164902
245 ## - MENCIÓN DE TÍTULO
Título Ensayos uniformes de frijol (Phaseolus vulgaris L.) bajo condiciones de riego y temporal en la zona norte de Guanajuato /
Mención de responsabilidad, etc. por Beatriz Yolanda Ríos Cuevas
260 ## - PUBLICACIÓN, DISTRIBUCIÓN, ETC.
Lugar de publicación, distribución, etc. Uruapan, Mich. :
Nombre del editor, distribuidor, etc. El autor
300 ## - DESCRIPCIÓN FÍSICA
Extensión 48 h.
502 ## - NOTA DE TESIS
Nota de tesis Tesis (Ing. Agr. Esp. en Parasitología) UMSNH. Fac. Agrobiología, Pres. Juarez
650 ## - PUNTO DE ACCESO ADICIONAL DE MATERIA--TÉRMINO DE MATERIA
Término de materia o nombre geográfico como elemento de entrada Frijol
9 (RLIN) 43319
710 ## - PUNTO DE ACCESO ADICIONAL--NOMBRE DE ENTIDAD CORPORATIVA
Nombre de entidad corporativa o nombre de jurisdicción como elemento de entrada UMSNH. Facultad de Agrobiología
9 (RLIN) 164898
901 ## - ELEMENTOS DE DATOS A LOCAL LDA (RLIN)
a PA TESIS 900
902 ## - ELEMENTOS DE DATOS B LOCAL, LDB (RLIN)
a A
905 ## - ELEMENTOS DE DATOS E LOCAL, LDE (RLIN)
a 0000001993 0000000000 00
910 ## - DATOS DE OPCIÓN DEL USUARIO (OCLC)
Datos de opción del usuario 1993
942 ## - ELEMENTOS DE PUNTO DE ACCESO ADICIONAL (KOHA)
Tipo de ítem Koha Parasitologia_
942 ## - ELEMENTOS DE PUNTO DE ACCESO ADICIONAL (KOHA)
Tipo de ítem Koha Parasitologia_
-- 1
Holdings
Estado de retiro Estado de pérdida Fuente del sistema de clasificación o colocación Estado dañado Restricciones de uso No para préstamo Código de colección Localización permanente Ubicación/localización actual Fecha de adquisición Información codificada de la localización en otra ubicación Número de inventario Total de préstamos Signatura topográfica completa Código de barras Fecha visto por última vez Número de copia Precio válido a partir de Tipo de ítem Koha Nota pública
    Clasificación Universidad Autónoma de Chapingo   Préstamo interno   Tesis Parasitologia Agricola Parasitologia Agricola 27/10/2005 PARA (PA_6092) (No. UACh CONSUMO)   PA TESIS 900 4101001287 25/01/2022 Ej.1 25/01/2022 Tesis 3